| 000 | 00427nam a22001697a 4500 | ||
|---|---|---|---|
| 003 | NUST - PNEC | ||
| 005 | 20170116181120.0 | ||
| 008 | 151004b xxu||||| |||| 00| 0 eng d | ||
| 020 | _a8121913608 | ||
| 040 | _cLIBRARY | ||
| 082 | _a629.134 GUP | ||
| 100 |
_913447 _aGupta, Balram |
||
| 245 |
_aAerospace materials Vol II _cBalram Gupta |
||
| 260 | _c1996 | ||
| 650 |
_913448 _aAirplanes--Materials _xME |
||
| 942 |
_2ddc _cBK |
||
| 999 |
_c69526 _d69526 |
||